Cavemice: the fast and the frozen #4 (Record no. 9222)

MARC details
000 -LEADER
fixed length control field 00948nam a22002057a 4500
003 - CONTROL NUMBER IDENTIFIER
control field OSt
005 - DATE AND TIME OF LATEST TRANSACTION
control field 20260317053006.0
008 - FIXED-LENGTH DATA ELEMENTS--GENERAL INFORMATION
fixed length control field 260317b |||||||| |||| 00| 0 eng d
020 ## - INTERNATIONAL STANDARD BOOK NUMBER
International Standard Book Number 978-0-545-64291-0
040 ## - CATALOGING SOURCE
Original cataloging agency DWCL GS lib
Transcribing agency OC
100 ## - MAIN ENTRY--PERSONAL NAME
Personal name STILTON, GERONIMO
245 ## - TITLE STATEMENT
Title Cavemice: the fast and the frozen #4
Statement of responsibility, etc. STILTON, GERONIMO
260 ## - PUBLICATION, DISTRIBUTION, ETC.
Place of publication, distribution, etc. New York
Name of publisher, distributor, etc. Scholastic Inc
Date of publication, distribution, etc. 2014.
300 ## - PHYSICAL DESCRIPTION
Extent vii, 113 pages
Dimensions 19cm.
520 ## - SUMMARY, ETC.
Summary, etc. In Cavemice: The Fast and the Frozen (#4), Geronimo Stiltonoot—the prehistoric ancestor of Geronimo Stilton—embarks on a dangerous and chilly adventure to uncover the truth behind a "moving mountain" spotted in a distant, icy land. The story is filled with action, laughs, and frozen landscapes as Stiltonoot navigates a "fur-raising" expedition.
546 ## - LANGUAGE NOTE
Language note English
650 ## - SUBJECT ADDED ENTRY--TOPICAL TERM
Source of heading or term Juvenile Fiction
650 ## - SUBJECT ADDED ENTRY--TOPICAL TERM
Source of heading or term Action & Adventure, Historical/Prehistory, Humor, and Animals
942 ## - ADDED ENTRY ELEMENTS (KOHA)
Source of classification or shelving scheme Dewey Decimal Classification
Koha item type Fiction
Suppress in OPAC No

No items available.